[Event "Clichy Rapid op"]
[Site "Clichy"]
[Date "2023.07.09"]
[Round "6"]
[White "Sorbe, Stephane"]
[Black "Moriniaux, Colin"]
[Result "0-1"]
[WhiteElo "2320"]
[BlackElo "1984"]
[PlyCount "92"]
[EventDate "2023.07.09"]
[EventType "swiss (rapid)"]
[EventRounds "9"]
[EventCountry "FRA"]
[SourceTitle "CBM 215 Extra"]
[Source "ChessBase"]
[SourceDate "2023.09.30"]
[SourceVersion "1"]
[SourceVersionDate "2023.09.30"]
[SourceQuality "1"]

1. d4 Nf6 2. Nf3 c5 3. e3 d5 4. c3 Nc6 5. Bd3 Bg4 6. h3 Bh5 7. Nbd2 e6 8. 0-0 Bd6 9. Re1 0-0 10. dxc5 Bxc5 11. b4 Bd6 12. Bb2 Rc8 13. a3 Ne5 14. Be2 Bg6 15. Nxe5 Bxe5 16. Rc1 Ne4 17. Nxe4 Bxe4 18. Qd2 Qf6 19. Bf1 Qg6 20. c4 Bxb2 21. Qxb2 dxc4 22. Qd4 Rfd8 23. Qxa7 c3 24. b5 h6 25. a4 Qg5 26. Qa5 Qc5 27. f3 b6 28. Qxc3 Qxc3 29. Rxc3 Rxc3 30. fxe4 Rd2 31. Ra1 Rxe3 32. a5 bxa5 33. Rxa5 Rb2 34. Kh2 g5 35. Ra8+ Kg7 36. Rb8 Rxe4 37. Bd3 Re3 38. Bc4 Rc3 39. Bf1 h5 40. Rb7 h4 41. Rb8 Rc1 42. Bd3 Rd2 43. b6 Rxd3 44. b7 Rdd1 45. Rg8+ Kf6 46. g4 Rd2# 0-1

[Event "C'Chartres Blitz op"]
[Site "Europe Echecs INT"]
[Date "2020.11.28"]
[Round "4"]
[White "Hucault, Christophe"]
[Black "Moriniaux, Colin"]
[Result "0-1"]
[WhiteElo "1612"]
[BlackElo "1973"]
[PlyCount "74"]
[EventDate "2020.11.28"]
[EventType "swiss (blitz)"]
[EventRounds "11"]
[EventCountry "FRA"]
[SourceTitle "CBM 199 Extra"]
[Source "ChessBase"]
[SourceDate "2021.01.31"]
[SourceVersion "1"]
[SourceVersionDate "2021.01.31"]
[SourceQuality "1"]

1. d4 d5 2. e4 dxe4 3. Nc3 Nf6 4. f3 exf3 5. Nxf3 e6 6. Be3 Nbd7 7. Bd3 a6 8. Qe2 c5 9. 0-0-0 cxd4 10. Bxd4 Be7 11. Ne5 Nxe5 12. Bxe5 Qa5 13. a3 Bd7 14. Na2 Bb5 15. Bc3 Qb6 16. Bd4 Qc6 17. Nc3 Bxd3 18. Qxd3 0-0 19. Qg3 Rfd8 20. Rhf1 Kh8 21. h3 Rac8 22. Kb1 b5 23. Rf2 a5 24. Qf3 Qxf3 25. gxf3 b4 26. axb4 axb4 27. Ne4 e5 28. Be3 Rxd1+ 29. Ka2 Nxe4 30. fxe4 f6 31. Kb3 Rh1 32. Rf3 Bc5 33. Bxc5 Rxc5 34. Rd3 h6 35. Rd8+ Kh7 36. Rb8 Rxh3+ 37. Kxb4 Rxc2 0-1

[Event "C'Chartres Blitz op"]
[Site "Europe Echecs INT"]
[Date "2020.11.28"]
[Round "8"]
[White "Moriniaux, Colin"]
[Black "Mallevaey, Armand"]
[Result "1-0"]
[WhiteElo "1973"]
[BlackElo "1782"]
[PlyCount "53"]
[EventDate "2020.11.28"]
[EventType "swiss (blitz)"]
[EventRounds "11"]
[EventCountry "FRA"]
[SourceTitle "CBM 199 Extra"]
[Source "ChessBase"]
[SourceDate "2021.01.31"]
[SourceVersion "1"]
[SourceVersionDate "2021.01.31"]
[SourceQuality "1"]

1. d4 d5 2. c4 c6 3. Nf3 Nf6 4. Nc3 dxc4 5. a4 Bf5 6. Ne5 Nbd7 7. Nxc4 e6 8. g3 Bb4 9. Bg2 Ne4 10. 0-0 Nxc3 11. bxc3 Bxc3 12. Nd6+ Kf8 13. Nxf5 exf5 14. Ba3+ Kg8 15. Rb1 b6 16. Bxc6 Rc8 17. Bg2 Nf6 18. d5 Qd7 19. Qd3 Be5 20. a5 bxa5 21. d6 Ne4 22. Bxe4 fxe4 23. Qxe4 Bxd6 24. Rfd1 Rc6 25. Rb8+ Rc8 26. Rxd6 Qc7 27. Qe8+ 1-0

[Event "Europe Echecs Blitz Nov op"]
[Site "Europe Echecs INT"]
[Date "2020.11.08"]
[Round "9"]
[White "Mareau, Timothe"]
[Black "Moriniaux, Colin"]
[Result "0-1"]
[WhiteElo "1603"]
[BlackElo "1973"]
[PlyCount "92"]
[EventDate "2020.11.08"]
[EventType "swiss (blitz)"]
[EventRounds "11"]
[EventCountry "FRA"]
[SourceTitle "CBM 199 Extra"]
[Source "ChessBase"]
[SourceDate "2021.01.31"]
[SourceVersion "1"]
[SourceVersionDate "2021.01.31"]
[SourceQuality "1"]

1. e4 c5 2. c3 d6 3. d4 Nf6 4. Bd3 g6 5. Nf3 Bg7 6. 0-0 0-0 7. Be3 Nbd7 8. Qd2 Re8 9. Na3 a6 10. Nc2 Ng4 11. Bc4 Nxe3 12. fxe3 e6 13. a4 b6 14. Nce1 Bb7 15. Bd3 Rc8 16. Qf2 Qe7 17. Qg3 h6 18. Nh4 Nf6 19. e5 dxe5 20. dxe5 Nd5 21. Nxg6 Qg5 22. Qxg5 hxg5 23. e4 Nc7 24. Nf3 fxg6 25. Nxg5 Red8 26. Bc4 Re8 27. Rad1 b5 28. axb5 axb5 29. Ba2 c4 30. Rd7 Bc6 31. Rdf7 Rf8 32. Bb1 Bh6 33. Rh7 Rxf1+ 34. Kxf1 Bxg5 35. Rh3 Kg7 36. Rg3 Bh6 37. h4 Rf8+ 38. Ke2 Rf4 39. h5 g5 40. Re3 Na6 41. g3 Rf8 42. Bc2 Nc5 43. Ke1 g4 44. Bd1 Bxe3 45. Bxg4 Bf2+ 46. Ke2 Bxg3 0-1

[Event "Biel HTO 53rd"]
[Site "Biel"]
[Date "2020.07.29"]
[Round "9"]
[White "Moriniaux, Colin"]
[Black "Paholok, Igor"]
[Result "1-0"]
[WhiteElo "1963"]
[BlackElo "1676"]
[PlyCount "107"]
[EventDate "2020.07.20"]
[EventType "swiss"]
[EventRounds "9"]
[EventCountry "SUI"]
[SourceTitle "CBM 197"]
[Source "ChessBase"]
[SourceDate "2020.07.27"]
[SourceVersion "1"]
[SourceVersionDate "2020.07.27"]
[SourceQuality "1"]

1. d4 Nf6 2. c4 c5 3. d5 b5 4. cxb5 a6 5. bxa6 g6 6. Nc3 Bg7 7. e4 d6 8. Nf3 0-0 9. Be2 Bxa6 10. 0-0 Qb6 11. a4 Nfd7 12. Qc2 Bxe2 13. Qxe2 Na6 14. Nb5 Qb7 15. Ra3 Rfb8 16. Bf4 Nb4 17. Bg3 Nb6 18. b3 Rc8 19. Bxd6 Qd7 20. Be5 f6 21. Bc3 Na6 22. Nd2 Nc7 23. Nxc7 Qxc7 24. Nc4 Nd7 25. g3 Nb8 26. a5 Nd7 27. Rd1 Qb7 28. f4 Ra6 29. d6 e6 30. Qd3 Kf7 31. f5 e5 32. fxg6+ hxg6 33. Ne3 Bf8 34. Qc4+ Kg7 35. Qe6 Ra7 36. Nd5 Qc6 37. Ne7 Bxe7 38. Qxe7+ Kg8 39. Ra4 Rf8 40. Qe6+ Kg7 41. g4 Raa8 42. Qd5 Qb5 43. Qc4 Qc6 44. Raa1 Ra6 45. Rac1 f5 46. exf5 gxf5 47. Qd5 Qb5 48. Bxe5+ Nxe5 49. Qxe5+ Kg6 50. d7 Raa8 51. Rd6+ Kg5 52. Qe3+ f4 53. Rxc5+ Kxg4 54. h3+ 1-0

[Event "Biel HTO 53rd"]
[Site "Biel"]
[Date "2020.07.22"]
[Round "3"]
[White "Moriniaux, Colin"]
[Black "Moerwald, Magdalena"]
[Result "1-0"]
[WhiteElo "1963"]
[BlackElo "1791"]
[PlyCount "75"]
[EventDate "2020.07.20"]
[EventType "swiss"]
[EventRounds "9"]
[EventCountry "SUI"]
[SourceTitle "CBM 197"]
[Source "ChessBase"]
[SourceDate "2020.07.27"]
[SourceVersion "1"]
[SourceVersionDate "2020.07.27"]
[SourceQuality "1"]

1. d4 d5 2. c4 e6 3. Nc3 Bb4 4. Nf3 Nf6 5. Qa4+ Nc6 6. Ne5 Bxc3+ 7. bxc3 Bd7 8. Nxd7 Qxd7 9. Ba3 Ne5 10. Qxd7+ Nexd7 11. e3 c6 12. Bd3 Nb6 13. cxd5 cxd5 14. Bb5+ Kd8 15. Rb1 Rc8 16. Rb3 Ne4 17. Bb4 Nc4 18. Bxc4 Rxc4 19. f3 Nf6 20. Kd2 Kd7 21. g4 Rhc8 22. h4 b6 23. h5 a5 24. Ba3 a4 25. Rxb6 Rxc3 26. Bc5 Rc4 27. Rhb1 e5 28. h6 e4 29. hxg7 Ng8 30. Rb7+ Rc7 31. Rxc7+ Kxc7 32. fxe4 dxe4 33. Rf1 f6 34. g5 fxg5 35. Rf8 Nh6 36. g8Q Nxg8 37. Rxg8 h6 38. Rg6 1-0